[Event "Kreis-Mitte-EM"]
[Site "Zirndorf"]
[Date "2015.01.06"]
[Round "6.4"]
[White "Wirth, Karl-Heinz"]
[Black "Ratscheu, Stefan"]
[Result "0-1"]
[WhiteElo "1788"]
[BlackElo "1635"]
[PlyCount "52"]
[EventDate "2015.??.??"]
[WhiteTeam "SC Mühlhof-R'dorf"]
[BlackTeam "SC Postbauer-Heng"]

1. e4 e5 2. f4 d5 3. exd5 e4 4. d3 exd3 5. Bxd3 Nf6 6. c4 c6 7. Nc3 Be7 8. Nf3
O-O 9. O-O Bc5+ 10. Kh1 Re8 11. Qc2 h6 12. Ne4 Be7 13. Bd2 cxd5 14. Nxf6+ Bxf6
15. cxd5 Qxd5 16. Bc4 Qc6 17. Rac1 Be6 18. Bxe6 Rxe6 19. Qb3 Qd7 20. Rfd1 Nc6
21. Bb4 Qc7 22. Bc3 Qxf4 23. Bxf6 Qxf6 24. Rd7 Rae8 25. h3 Qf4 26. Kg1 Qxc1+
0-1

[Event "Kreis-Mitte-EM"]
[Site "Zirndorf"]
[Date "2015.01.06"]
[Round "6.5"]
[White "Schöne, Steffen"]
[Black "Drees, Martin"]
[Result "0-1"]
[WhiteElo "1748"]
[BlackElo "1752"]
[PlyCount "96"]
[EventDate "2015.??.??"]
[WhiteTeam "Zabo-Eintracht N."]
[BlackTeam "TSV Cadolzburg"]

1. Nf3 Nc6 2. c4 Nf6 3. Nc3 e5 4. e3 d5 5. cxd5 Nxd5 6. Bc4 Be6 7. Nxd5 Bxd5 8.
Qb3 Bxc4 9. Qxc4 Bd6 10. h4 h6 11. b3 Qe7 12. Bb2 Ba3 13. Bxa3 Qxa3 14. Qg4 Rg8
15. O-O Qe7 16. d4 exd4 17. exd4 Qd7 18. Rfe1+ Kd8 19. Qxd7+ Kxd7 20. d5 Nb4
21. Ne5+ Kd6 22. Nxf7+ Kxd5 23. Rad1+ Kc5 24. Re5+ Kb6 25. a4 a5 26. Rb5+ Ka6
27. Rd7 Rac8 28. Ne5 b6 29. Ng6 Rgd8 30. Rxg7 Rg8 31. Rxg8 Rxg8 32. Nf4 c5 33.
Rxb4 axb4 34. f3 b5 35. Nd3 bxa4 36. Nxc5+ Kb5 37. Nxa4 Ra8 38. Nb2 Ra1+ 39.
Kh2 Rb1 40. Nc4 Rxb3 41. Nd6+ Kc6 42. Nf5 Rc3 43. g4 b3 44. Nd4+ Kd5 45. Nxb3
Rxb3 46. Kg3 Ke5 47. g5 hxg5 48. h5 Kf5 0-1

[Event "Kreis-Mitte-EM"]
[Site "Zirndorf"]
[Date "2015.01.06"]
[Round "6.6"]
[White "Hahn, Thomas"]
[Black "Siegl, Adrian"]
[Result "1/2-1/2"]
[WhiteElo "1661"]
[BlackElo "1814"]
[PlyCount "54"]
[EventDate "2015.??.??"]
[WhiteTeam "Zabo-Eintracht N."]
[BlackTeam "SW Nürnberg Süd"]

1. e4 c5 2. Nf3 Nc6 3. d4 cxd4 4. Nxd4 e5 5. Nb5 d6 6. N1c3 a6 7. Na3 b5 8. Nd5
Nf6 9. Bg5 Be7 10. Bxf6 Bxf6 11. c3 Bg5 12. Be2 O-O 13. O-O Be6 14. Nc2 Rb8 15.
Ncb4 Nxb4 16. Nxb4 Qb6 17. a4 a5 18. Nd5 Bxd5 19. Qxd5 bxa4 20. Rxa4 Qxb2 21.
Bc4 Qxc3 22. Rxa5 Rbc8 23. Ba6 Rc5 24. Rxc5 Qxc5 25. Bc4 Qxd5 26. Bxd5 Rc8 27.
Ra1 Kf8 1/2-1/2

[Event "Kreis-Mitte-EM"]
[Site "Zirndorf"]
[Date "2015.01.06"]
[Round "6.7"]
[White "Knab, Reinhard"]
[Black "Mantel, Ruben"]
[Result "1-0"]
[WhiteElo "1790"]
[BlackElo "1749"]
[PlyCount "71"]
[EventDate "2015.??.??"]
[WhiteTeam "Zabo-Eintracht N."]
[BlackTeam "Zabo-Eintracht N."]

1. Nc3 d5 2. e4 c6 3. f4 e5 4. Nf3 exf4 5. exd5 cxd5 6. d4 g5 7. Bd3 Be6 8. O-O
Nc6 9. Bb5 Bd6 10. Qe2 Kf8 11. Bxc6 bxc6 12. Qa6 Bd7 13. b3 f6 14. Nxd5 g4 15.
Ne1 Ne7 16. Nxf6 Bc8 17. Qc4 Nf5 18. Ne4 f3 19. Nxd6 Qxd6 20. Nxf3 gxf3 21.
Rxf3 Kg7 22. d5 Qe5 23. Qg4+ Kf7 24. Qh5+ Kg7 25. Bh6+ Kf6 26. Qg5+ Kf7 27.
Raf1 cxd5 28. Rxf5+ Bxf5 29. Rxf5+ Qxf5 30. Qxf5+ Ke7 31. Qe5+ Kf7 32. Qxd5+
Kg6 33. Qe6+ Kh5 34. g4+ Kh4 35. Qf5 Rhe8 36. Qh5# 1-0

[Event "Kreis-Mitte-EM"]
[Site "Zirndorf"]
[Date "2015.01.06"]
[Round "6.8"]
[White "Thürauf, Peter"]
[Black "Weißmann, Peter"]
[Result "1/2-1/2"]
[WhiteElo "1761"]
[BlackElo "1656"]
[PlyCount "36"]
[EventDate "2015.??.??"]
[WhiteTeam "SW Nürnberg Süd"]
[BlackTeam "SK Zirndorf"]

1. Nf3 Nf6 2. d4 e6 3. Bg5 d5 4. e3 Nbd7 5. Bd3 Be7 6. O-O b6 7. c4 Bb7 8. Nc3
O-O 9. Rc1 c5 10. cxd5 exd5 11. Re1 c4 12. Bf5 g6 13. Bh3 Re8 14. Qc2 a6 15. a4
Kg7 16. Rcd1 h6 17. Bxf6+ Nxf6 18. Ne5 Bc8 1/2-1/2

[Event "Kreis-Mitte-EM"]
[Site "Zirndorf"]
[Date "2015.01.06"]
[Round "6.9"]
[White "Diebel, Günter"]
[Black "Schanz, Karlheinz"]
[Result "1-0"]
[WhiteElo "1690"]
[BlackElo "1755"]
[PlyCount "91"]
[EventDate "2015.??.??"]
[WhiteTeam "SW Nürnberg Süd"]
[BlackTeam "SC Mühlhof-R'dorf"]

1. e4 c6 2. Nf3 d5 3. exd5 cxd5 4. d4 Nf6 5. Bd3 Nc6 6. c3 Bg4 7. h3 Bh5 8. Bg5
Qb6 9. Qc2 Bg6 10. Bxg6 hxg6 11. Nbd2 Rc8 12. Qb3 Qa6 13. Bxf6 gxf6 14. Qxd5
Bh6 15. Qc4 Qb6 16. Qb3 Qc7 17. O-O O-O 18. Rae1 Bf4 19. Ne4 b6 20. Re2 Kg7 21.
g3 Na5 22. Qd1 Bh6 23. Rfe1 Rfd8 24. Ned2 Rd7 25. Nh2 Kg8 26. Ng4 Bg7 27. Re3
Nc6 28. Qf3 Rcd8 29. h4 f5 30. Nh2 e5 31. Nb3 exd4 32. Re8+ Kh7 33. h5 dxc3 34.
hxg6+ fxg6 35. bxc3 Rxe8 36. Rxe8 Re7 37. Rxe7 Nxe7 38. Nd4 Qd7 39. Qe3 Nd5 40.
Qg5 Nxc3 41. Qh4+ Kg8 42. Ndf3 Nxa2 43. Ng5 Qc6 44. Nhf3 Nc3 45. Ne5 Bxe5 46.
Qh7+ 1-0

[Event "Kreis-Mitte-EM"]
[Site "Zirndorf"]
[Date "2015.01.06"]
[Round "6.10"]
[White "Hüseinov, Sebaydin"]
[Black "Mantel, Hubert"]
[Result "0-1"]
[WhiteElo "1630"]
[BlackElo "1669"]
[PlyCount "96"]
[EventDate "2015.??.??"]
[WhiteTeam "Zabo-Eintracht N."]
[BlackTeam "Zabo-Eintracht N."]

1. e4 e6 2. d4 d5 3. exd5 exd5 4. Nf3 Bd6 5. c3 Nf6 6. Bg5 Bf5 7. Bd3 Qe7+ 8.
Qe2 Bxd3 9. Qxe7+ Bxe7 10. Kd2 Bf5 11. Re1 Ne4+ 12. Kc1 Bxg5+ 13. Nxg5 O-O 14.
Nxe4 Bxe4 15. f3 Bxb1 16. Rxb1 Nd7 17. Kd2 Rfe8 18. Rf1 Re6 19. Rf2 Rae8 20.
Rd1 Nb6 21. h3 Nc4+ 22. Kc1 Re2 23. Rdf1 Nxb2 24. Rxe2 Rxe2 25. g4 Na4 26. c4
dxc4 27. f4 Nc3 28. Rf3 Nb5 29. Kd1 Nxd4 30. Rc3 b5 31. a4 c6 32. axb5 cxb5 33.
Ra3 Re7 34. Kd2 Rb7 35. Re3 Kf8 36. Kc3 Ne6 37. f5 Nc7 38. Re5 f6 39. Re1 a5
40. h4 Nd5+ 41. Kd4 Rd7 42. Kc5 b4 43. Kxc4 a4 44. g5 b3 45. Kb5 b2 46. Kc6 Rd8
47. h5 a3 48. g6 h6 0-1

[Event "Kreis-Mitte-EM"]
[Site "Zirndorf"]
[Date "2015.01.06"]
[Round "6.11"]
[White "Nüßlein, Christian"]
[Black "Münzenberg, Dietrich"]
[Result "0-1"]
[WhiteElo "1661"]
[BlackElo "1668"]
[PlyCount "50"]
[EventDate "2015.??.??"]
[WhiteTeam "SGem Nürnberg 1978"]
[BlackTeam "Zabo-Eintracht N."]

1. b4 c6 2. c4 a5 3. b5 cxb5 4. cxb5 d5 5. Bb2 Bf5 6. a4 Nd7 7. d4 e6 8. Ba3
Ngf6 9. Bxf8 Nxf8 10. Nd2 N8d7 11. Ngf3 h6 12. e3 O-O 13. Be2 Rc8 14. Rc1 Qe7
15. O-O Qb4 16. Qb3 Ne4 17. Qxb4 axb4 18. Nxe4 Bxe4 19. Nd2 Bc2 20. Bd1 Bd3 21.
Rxc8 Rxc8 22. Re1 Rc1 23. Nf3 Bc4 24. Nd2 b3 25. Nxc4 dxc4 0-1

[Event "Kreis-Mitte-EM"]
[Site "Zirndorf"]
[Date "2015.01.06"]
[Round "6.12"]
[White "Nagel, Felix"]
[Black "Dreiseitel, Werner"]
[Result "1-0"]
[WhiteElo "1626"]
[BlackElo "1455"]
[PlyCount "57"]
[EventDate "2015.??.??"]
[WhiteTeam "SC Anderssen Nbg."]
[BlackTeam "SC N-T Nürnberg"]

1. d4 d5 2. c4 c6 3. cxd5 cxd5 4. Nc3 Nf6 5. Bf4 a6 6. e3 e6 7. Bd3 Nc6 8. a3
Bd7 9. h3 Be7 10. Nge2 O-O 11. O-O Rc8 12. f3 Na5 13. e4 dxe4 14. fxe4 h6 15.
Bc2 Nc4 16. e5 Nxb2 17. Qc1 Nd5 18. Qxb2 Nxf4 19. Nxf4 Bc6 20. Nce2 g5 21. Nh5
Qd5 22. Rf2 Kh8 23. Qb3 Qa5 24. Qd3 f5 25. exf6 Rf7 26. fxe7 Rxe7 27. Qg6 Qc7
28. Qxh6+ Kg8 29. Nf6+ 1-0

[Event "Kreis-Mitte-EM"]
[Site "Zirndorf"]
[Date "2015.01.06"]
[Round "6.13"]
[White "Dreiseitel, Ursula"]
[Black "Pörzgen, Michael"]
[Result "0-1"]
[WhiteElo "1356"]
[BlackElo "1606"]
[PlyCount "80"]
[EventDate "2015.??.??"]
[WhiteTeam "SC N-T Nürnberg"]
[BlackTeam "SW Nürnberg Süd"]

1. d4 Nf6 2. Nf3 g6 3. Bf4 Bg7 4. Qd2 O-O 5. Bh6 d6 6. Bxg7 Kxg7 7. Nc3 Bd7 8.
g3 Na6 9. Bg2 c5 10. O-O Rb8 11. Rfe1 b5 12. dxc5 Nxc5 13. Nd5 Nce4 14. Qd3
Nxd5 15. Qxd5 Nf6 16. Qd4 Qb6 17. Rad1 Rfc8 18. Qxb6 Rxb6 19. c3 Be6 20. a3 Nd7
21. Nd4 Nc5 22. Nxe6+ Nxe6 23. e4 Rc7 24. e5 dxe5 25. Rxe5 Nc5 26. Kf1 Na4 27.
Rd2 e6 28. f4 Nc5 29. Kf2 a5 30. Ree2 b4 31. axb4 axb4 32. cxb4 Rxb4 33. Rc2
Nd3+ 34. Ke3 Rxc2 35. Rxc2 Nxb2 36. Bf1 Na4 37. Bd3 Nb6 38. Ke2 Nd5 39. Kd2 Rd4
40. Rc3 Nxc3 0-1

[Event "Kreis-Mitte-EM"]
[Site "Zirndorf"]
[Date "2015.01.06"]
[Round "6.14"]
[White "Nagel, Ekkehard"]
[Black "Babichev, Vyacheslav"]
[Result "0-1"]
[WhiteElo "1100"]
[BlackElo "1699"]
[PlyCount "50"]
[EventDate "2015.??.??"]
[WhiteTeam "SC Anderssen Nbg."]
[BlackTeam "SW Nürnberg Süd"]

1. d4 Nf6 2. Nf3 g6 3. Bg5 Bg7 4. Nbd2 O-O 5. e3 d6 6. c3 a6 7. a4 h6 8. Bf4
Nh5 9. Bg3 Bg4 10. Be2 a5 11. O-O Nxg3 12. fxg3 c6 13. Qc2 Nd7 14. Bd3 Nf6 15.
Nh4 Nd5 16. Rae1 Bd7 17. e4 Nc7 18. e5 d5 19. Nxg6 fxg6 20. Rxf8+ Bxf8 21. Bxg6
Be8 22. Bh7+ Kh8 23. Rf1 Bg7 24. Qf5 e6 25. Qg4 Kxh7 0-1

[Event "Kreis-Mitte-EM"]
[Site "Zirndorf"]
[Date "2015.01.06"]
[Round "6.15"]
[White "Albayrak, Aylin"]
[Black "Mantel, Hans"]
[Result "1-0"]
[WhiteElo "1499"]
[BlackElo "1503"]
[PlyCount "21"]
[EventDate "2015.??.??"]
[WhiteTeam "Zabo-Eintracht N."]
[BlackTeam "Zabo-Eintracht N."]

1. d4 d5 2. c4 e6 3. Nc3 c6 4. e4 Nf6 5. e5 Ne4 6. Nxe4 dxe4 7. Ne2 f5 8. exf6
gxf6 9. Ng3 f5 10. Qh5+ Ke7 11. Bg5+ 1-0

[Event "Kreis-Mitte-EM"]
[Site "Zirndorf"]
[Date "2015.01.06"]
[Round "7.1"]
[White "Ratscheu, Stefan"]
[Black "Luther, Helmut"]
[Result "0-1"]
[WhiteElo "1635"]
[BlackElo "1949"]
[PlyCount "66"]
[EventDate "2015.??.??"]
[WhiteTeam "SC Postbauer-Heng"]
[BlackTeam "SW Nürnberg Süd"]

1. e4 d5 2. exd5 Qxd5 3. Nc3 Qa5 4. d4 Nf6 5. Bc4 Bf5 6. Bf4 e6 7. Qf3 c6 8.
Nge2 Bxc2 9. O-O Nbd7 10. Rac1 Bg6 11. Ng3 Be7 12. Rfd1 O-O 13. a3 Rac8 14. b4
Qd8 15. b5 cxb5 16. Nxb5 Nb6 17. Bc7 Rxc7 18. Nxc7 Qxc7 19. Bxe6 Qb8 20. Bb3
Bd6 21. Qe2 Bxa3 22. Ra1 Bd6 23. Qa2 a6 24. Qa5 Nbd7 25. Rac1 h5 26. Qg5 Kh8
27. Bxf7 Bxf7 28. Nf5 Ne8 29. Re1 Bxh2+ 30. Kh1 Bf4 31. Qe7 Bxc1 32. Rxc1 Nef6
33. Nd6 Bg6 0-1

[Event "Kreis-Mitte-EM"]
[Site "Zirndorf"]
[Date "2015.01.06"]
[Round "7.2"]
[White "Strobel, Norbert"]
[Black "Rausch, Wolfgang sr"]
[Result "1-0"]
[WhiteElo "1948"]
[BlackElo "1886"]
[PlyCount "35"]
[EventDate "2015.??.??"]
[WhiteTeam "SK Zirndorf"]
[BlackTeam "SW Nürnberg Süd"]

1. d4 e6 2. Nf3 d5 3. e3 Nf6 4. Ne5 Bd6 5. f4 c5 6. Nd2 O-O 7. c3 b6 8. Bd3 Bb7
9. Qf3 Nfd7 10. O-O f5 11. g4 Nxe5 12. fxe5 fxg4 13. Qxg4 Rxf1+ 14. Nxf1 Bf8
15. Qxe6+ Kh8 16. Qh3 h6 17. Qf5 Kg8 18. e6 1-0

[Event "Kreis-Mitte-EM"]
[Site "Zirndorf"]
[Date "2015.01.06"]
[Round "7.3"]
[White "Drees, Martin"]
[Black "Walch, Roger"]
[Result "1-0"]
[WhiteElo "1752"]
[BlackElo "1686"]
[PlyCount "69"]
[EventDate "2015.??.??"]
[WhiteTeam "TSV Cadolzburg"]
[BlackTeam "SW Nürnberg Süd"]

1. e4 e6 2. Nf3 d5 3. Nc3 a6 4. d4 Nf6 5. e5 Nfd7 6. Bd3 c5 7. dxc5 Bxc5 8. O-O
Nc6 9. Bf4 b5 10. h4 h6 11. a3 Bb7 12. Qe2 Nd4 13. Nxd4 Bxd4 14. Rad1 Bc5 15.
Qg4 Kf8 16. h5 Be7 17. Ne2 Nc5 18. Nd4 Nxd3 19. Rxd3 Rg8 20. Rf3 Ke8 21. Bxh6
Kd7 22. Rxf7 Qb6 23. Bg5 Rae8 24. Rxe7+ Rxe7 25. Bxe7 Kxe7 26. c3 Bc8 27. Re1
Bd7 28. Re3 Be8 29. Rf3 Bf7 30. Qg5+ Ke8 31. h6 gxh6 32. Qxh6 Qc7 33. Nxe6 Qxe5
34. Re3 Rg6 35. Qf8+ 1-0

[Event "Kreis-Mitte-EM"]
[Site "Zirndorf"]
[Date "2015.01.06"]
[Round "7.4"]
[White "Süß, Stefan"]
[Black "Diebel, Günter"]
[Result "1-0"]
[WhiteElo "2004"]
[BlackElo "1690"]
[PlyCount "67"]
[EventDate "2015.??.??"]
[WhiteTeam "SC N-T Nürnberg"]
[BlackTeam "SW Nürnberg Süd"]

1. e4 c6 2. Nc3 e5 3. Nf3 d6 4. d4 exd4 5. Nxd4 Nf6 6. Be2 Be7 7. O-O O-O 8. a4
b6 9. Bf4 Bb7 10. Nf5 d5 11. Nxe7+ Qxe7 12. exd5 cxd5 13. Nb5 Ne8 14. Re1 Qf6
15. Qd4 Nc6 16. Qxf6 Nxf6 17. Nd6 Bc8 18. Nxc8 Raxc8 19. Ba6 Rcd8 20. c3 d4 21.
Bb5 Nd5 22. Bg3 Na5 23. cxd4 Nb4 24. Rad1 Nc2 25. Re4 f5 26. Re2 Rxd4 27. Rc1
Nb4 28. Be5 Rd5 29. Bc3 Na2 30. Re7 Nxc3 31. Rxc3 Rfd8 32. g3 Rc5 33. Rxc5 bxc5
34. Rxa7 1-0

[Event "Kreis-Mitte-EM"]
[Site "Zirndorf"]
[Date "2015.01.06"]
[Round "7.5"]
[White "Knab, Reinhard"]
[Black "Rummel, Gerald"]
[Result "1-0"]
[WhiteElo "1790"]
[BlackElo "1826"]
[PlyCount "45"]
[EventDate "2015.??.??"]
[WhiteTeam "Zabo-Eintracht N."]
[BlackTeam "SC Anderssen Nbg."]

1. Nc3 e6 2. e4 d5 3. Nf3 Nf6 4. Bb5+ c6 5. Bd3 Bb4 6. Qe2 d4 7. e5 dxc3 8.
exf6 cxd2+ 9. Nxd2 Qxf6 10. c3 Ba5 11. Ne4 Qe7 12. Bg5 Qc7 13. O-O-O Nd7 14.
Bc2 O-O 15. Be7 Re8 16. Rxd7 Bxd7 17. Nf6+ Kh8 18. Qe4 g6 19. Qh4 h5 20. Qg5
Kg7 21. Nxe8+ Rxe8 22. Bf6+ Kh7 23. Qxh5+ 1-0

[Event "Kreis-Mitte-EM"]
[Site "Zirndorf"]
[Date "2015.01.06"]
[Round "7.6"]
[White "Siegl, Adrian"]
[Black "Nagel, Felix"]
[Result "1/2-1/2"]
[WhiteElo "1814"]
[BlackElo "1626"]
[PlyCount "21"]
[EventDate "2015.??.??"]
[WhiteTeam "SW Nürnberg Süd"]
[BlackTeam "SC Anderssen Nbg."]

1. e4 c6 2. d4 d5 3. Nc3 dxe4 4. Nxe4 Bf5 5. Ng3 Bg6 6. h4 h6 7. h5 Bh7 8. Nf3
Nd7 9. Bd3 Bxd3 10. Qxd3 Ngf6 11. O-O 1/2-1/2

[Event "Kreis-Mitte-EM"]
[Site "Zirndorf"]
[Date "2015.01.06"]
[Round "7.7"]
[White "Mantel, Hubert"]
[Black "Wirth, Karl-Heinz"]
[Result "0-1"]
[WhiteElo "1669"]
[BlackElo "1788"]
[PlyCount "26"]
[EventDate "2015.??.??"]
[WhiteTeam "Zabo-Eintracht N."]
[BlackTeam "SC Mühlhof-R'dorf"]

1. e4 e5 2. Bc4 f5 3. f4 exf4 4. Nf3 fxe4 5. Nd4 Nf6 6. O-O d5 7. Bb3 Bc5 8. c3
Qd6 9. Qe2 Nc6 10. Ba4 O-O 11. Kh1 Bxd4 12. Bxc6 bxc6 13. cxd4 a5 0-1

[Event "Kreis-Mitte-EM"]
[Site "Zirndorf"]
[Date "2015.01.06"]
[Round "7.8"]
[White "Münzenberg, Dietrich"]
[Black "Thürauf, Peter"]
[Result "1/2-1/2"]
[WhiteElo "1668"]
[BlackElo "1761"]
[PlyCount "65"]
[EventDate "2015.??.??"]
[WhiteTeam "Zabo-Eintracht N."]
[BlackTeam "SW Nürnberg Süd"]

1. d4 e6 2. c4 Nf6 3. Bg5 d5 4. Nc3 c6 5. e3 Nbd7 6. cxd5 exd5 7. Bd3 Bd6 8.
Nge2 O-O 9. O-O Re8 10. Rc1 Nf8 11. h3 Ne6 12. Bh4 g5 13. Bg3 h5 14. a3 h4 15.
Bxd6 Qxd6 16. b4 g4 17. hxg4 Nxg4 18. g3 hxg3 19. Nxg3 Ng5 20. Kg2 Nxe3+ 21.
fxe3 Bh3+ 22. Kf2 Bxf1 23. Nxf1 Qf6+ 24. Kg2 Kg7 25. Qg4 Rg8 26. Qf5 Qh6 27.
Ng3 Kf8 28. Rh1 Qd6 29. Rf1 Re8 30. Nd1 Rg7 31. Nh5 Ne4+ 32. Nxg7 Qg3+ 33. Kh1
1/2-1/2

[Event "Kreis-Mitte-EM"]
[Site "Zirndorf"]
[Date "2015.01.06"]
[Round "7.9"]
[White "Weißmann, Peter"]
[Black "Schöne, Steffen"]
[Result "0-1"]
[WhiteElo "1656"]
[BlackElo "1748"]
[PlyCount "74"]
[EventDate "2015.??.??"]
[WhiteTeam "SK Zirndorf"]
[BlackTeam "Zabo-Eintracht N."]

1. e4 d6 2. d4 Nf6 3. Nc3 g6 4. Be2 Bg7 5. h4 c6 6. h5 Nbd7 7. h6 Bf8 8. g4 Nb6
9. g5 Nfd7 10. f4 e5 11. Nf3 Qc7 12. a4 a5 13. Rf1 Be7 14. f5 gxf5 15. Nh4 f4
16. Nf3 Nf8 17. Rg1 Ne6 18. d5 Nf8 19. b3 Rg8 20. Bb2 Bd7 21. Qd2 cxd5 22. Nxd5
Nxd5 23. exd5 Bf5 24. Bb5+ Nd7 25. O-O-O Kf8 26. Bxd7 Qxd7 27. Nxe5 dxe5 28.
Bxe5 Rc8 29. c4 Ba3+ 30. Bb2 Qd6 31. Qxa5 Bxb2+ 32. Kxb2 Qe5+ 33. Ka2 Qd6 34.
Rd4 f6 35. b4 b6 36. Qa6 Qxb4 37. g6 Rxg6 0-1

[Event "Kreis-Mitte-EM"]
[Site "Zirndorf"]
[Date "2015.01.06"]
[Round "7.10"]
[White "Schanz, Karlheinz"]
[Black "Hahn, Thomas"]
[Result "1/2-1/2"]
[WhiteElo "1755"]
[BlackElo "1661"]
[PlyCount "144"]
[EventDate "2015.??.??"]
[WhiteTeam "SC Mühlhof-R'dorf"]
[BlackTeam "Zabo-Eintracht N."]

1. e4 c5 2. f4 d6 3. Nc3 g6 4. Nf3 Bg7 5. Be2 Nc6 6. O-O e6 7. Bb5 Bd7 8. d3
Nge7 9. Ne2 O-O 10. c3 Rb8 11. Kh1 a6 12. Ba4 b5 13. Bc2 b4 14. d4 bxc3 15.
bxc3 cxd4 16. cxd4 Qc7 17. Ba3 Nb4 18. Bb3 Qa5 19. Bb2 Bb5 20. Ne1 Qb6 21. Rf2
Nbc6 22. Nf3 Nb4 23. Nc1 Rfc8 24. Qd2 a5 25. a3 Rxc1+ 26. Bxc1 Nd3 27. Bc2
Nxf2+ 28. Qxf2 Qc7 29. Rb1 Ba6 30. Rxb8+ Qxb8 31. Qd2 Qb5 32. Qe1 Qc4 33. Qd1
Nc6 34. Bb2 Qf1+ 35. Qxf1 Bxf1 36. Ba4 Na7 37. Kg1 Bb5 38. Bc2 Kf8 39. Kf2 Ke7
40. Bc3 a4 41. Ke3 Kd7 42. Bd3 h6 43. g4 Bf8 44. Bb4 Be7 45. h4 Bxd3 46. Kxd3
Kc6 47. g5 hxg5 48. hxg5 Nc8 49. Nd2 d5 50. Bxe7 Nxe7 51. Nf3 dxe4+ 52. Kxe4
Nd5 53. Ne5+ Kb5 54. Nxf7 Kc4 55. Ne5+ Kb3 56. Nxg6 Kxa3 57. Ne5 Kb3 58. f5 a3
59. Nd3 Kc2 60. f6 a2 61. f7 a1=Q 62. f8=Q Qh1+ 63. Ke5 Kxd3 64. Kxe6 Qe4+ 65.
Kd6 Qxd4 66. Qf1+ Kc3 67. Qc1+ Kd3 68. Qd1+ Kc3 69. Qxd4+ Kxd4 70. g6 Nf6 71.
Ke6 Ne8 72. Ke7 Ke5 1/2-1/2

[Event "Kreis-Mitte-EM"]
[Site "Zirndorf"]
[Date "2015.01.06"]
[Round "7.11"]
[White "Mantel, Ruben"]
[Black "Albayrak, Aylin"]
[Result "0-1"]
[WhiteElo "1749"]
[BlackElo "1499"]
[PlyCount "100"]
[EventDate "2015.??.??"]
[WhiteTeam "Zabo-Eintracht N."]
[BlackTeam "Zabo-Eintracht N."]

1. e4 e5 2. Nf3 Nf6 3. d4 exd4 4. e5 Bb4+ 5. c3 dxc3 6. bxc3 Ba5 7. exf6 Qxf6
8. Qe2+ Kf8 9. Bb2 b6 10. Nbd2 Bxc3 11. Bxc3 Qxc3 12. Qe5 Qxe5+ 13. Nxe5 d6 14.
Nef3 Ba6 15. Bxa6 Nxa6 16. O-O Ke7 17. Nb3 Rhd8 18. Nfd4 Kf6 19. Nc6 Re8 20.
Rfe1 Re6 21. Nbd4 Rxe1+ 22. Rxe1 Nc5 23. Re3 g6 24. Nb5 Ne6 25. Nb4 Kg7 26. Rc3
c5 27. Nd5 a6 28. Nbc7 Nxc7 29. Nxc7 Ra7 30. Nd5 b5 31. Kf1 f5 32. Ke2 b4 33.
Re3 a5 34. Re7+ Rxe7+ 35. Nxe7 Kf7 36. Nd5 Ke6 37. Nb6 d5 38. Kd3 Kd6 39. f4
Kc6 40. Na4 Kb5 41. Nb2 a4 42. h3 a3 43. Nd1 Ka4 44. Kc2 c4 45. Ne3 b3+ 46.
axb3+ cxb3+ 47. Kb1 d4 48. Nd1 Kb4 49. g4 Kc4 50. g5 Kd3 0-1

[Event "Kreis-Mitte-EM"]
[Site "Zirndorf"]
[Date "2015.01.06"]
[Round "7.12"]
[White "Pörzgen, Michael"]
[Black "Hüseinov, Sebaydin"]
[Result "1-0"]
[WhiteElo "1606"]
[BlackElo "1630"]
[PlyCount "93"]
[EventDate "2015.??.??"]
[WhiteTeam "SW Nürnberg Süd"]
[BlackTeam "Zabo-Eintracht N."]

1. e4 e5 2. Nf3 d6 3. d4 exd4 4. Nxd4 Nf6 5. Nc3 Be7 6. Bc4 O-O 7. O-O Bd7 8.
Re1 Nc6 9. Be3 Nxd4 10. Bxd4 Be6 11. Nd5 c6 12. Nxe7+ Qxe7 13. Bd3 d5 14. exd5
Nxd5 15. Qh5 h6 16. Qe5 Qg5 17. Qe4 Rfe8 18. Qh7+ Kf8 19. Qh8+ Ke7 20. Qxg7
Qxg7 21. Bxg7 h5 22. Re5 Rg8 23. Bh6 Rh8 24. Rxh5 Rag8 25. Bg5+ f6 26. Rxh8
Rxh8 27. Bd2 Nc7 28. Re1 Kf7 29. h3 Rg8 30. Kh2 Bd5 31. f3 Re8 32. Rxe8 Nxe8
33. h4 a6 34. Kg3 Nd6 35. b3 b5 36. Bf4 Nb7 37. h5 Be6 38. Bh6 a5 39. Bg6+ Kg8
40. Kf4 a4 41. g4 axb3 42. axb3 c5 43. g5 fxg5+ 44. Kxg5 b4 45. Kf6 Bd5 46. f4
Na5 47. Bg7 1-0

[Event "Kreis-Mitte-EM"]
[Site "Zirndorf"]
[Date "2015.01.06"]
[Round "7.13"]
[White "Babichev, Vyacheslav"]
[Black "Nüßlein, Christian"]
[Result "0-1"]
[WhiteElo "1699"]
[BlackElo "1661"]
[PlyCount "144"]
[EventDate "2015.??.??"]
[WhiteTeam "SW Nürnberg Süd"]
[BlackTeam "SGem Nürnberg 1978"]

1. e4 Nf6 2. Nc3 d5 3. exd5 Nxd5 4. Nxd5 Qxd5 5. Nf3 e5 6. c4 Qe4+ 7. Be2 Nc6
8. O-O Bg4 9. d3 Qg6 10. Nh4 Bxe2 11. Qxe2 Qf6 12. Nf3 O-O-O 13. Bg5 Nd4 14.
Nxd4 Qxg5 15. Nf3 Qh6 16. Nxe5 Re8 17. Qg4+ Qe6 18. Qxe6+ fxe6 19. Rad1 Be7 20.
Rfe1 Bf6 21. b3 Re7 22. Re3 Rd8 23. f4 Rd4 24. g3 Bxe5 25. Rxe5 g6 26. Kf2 Rd6
27. d4 Kd7 28. c5 Rd5 29. Re4 b6 30. b4 c6 31. Rd3 Ke8 32. cxb6 axb6 33. Ra3
Kf7 34. Ra6 Rb7 35. Ke3 Rdd7 36. Kd3 Rdc7 37. Kc4 Ra7 38. Rxa7 Rxa7 39. Kb3 b5
40. g4 h6 41. g5 h5 42. Re2 Ke7 43. Rc2 Kd6 44. Rc5 Rf7 45. a4 bxa4+ 46. Kxa4
Rxf4 47. Rc4 Rh4 48. Rc2 Rxd4 49. h3 e5 50. Rf2 Rf4 51. Rd2+ Kc7 52. Re2 e4 53.
Kb3 Rf3+ 54. Kc4 e3 55. Kd4 Rxh3 56. Rg2 Rh4+ 57. Ke5 Rg4 58. Re2 Rxg5+ 59. Kf6
Rg3 60. Ke5 h4 61. Rh2 g5 62. Kf5 h3 63. Re2 g4 64. Kf4 Rg2 65. Rxe3 h2 66.
Re7+ Kd6 67. Rh7 g3 68. Rh6+ Kc7 69. Rh7+ Kb6 70. Rh6 Rg1 71. b5 Kxb5 72. Rh5+
c5 0-1

[Event "Kreis-Mitte-EM"]
[Site "Zirndorf"]
[Date "2015.01.06"]
[Round "7.14"]
[White "Dreiseitel, Werner"]
[Black "Dreiseitel, Ursula"]
[Result "0-1"]
[WhiteElo "1455"]
[BlackElo "1356"]
[PlyCount "134"]
[EventDate "2015.??.??"]
[WhiteTeam "SC N-T Nürnberg"]
[BlackTeam "SC N-T Nürnberg"]

1. d4 Nf6 2. c4 g6 3. Nc3 Bg7 4. Bf4 O-O 5. h3 d6 6. e3 Nh5 7. Bh2 e5 8. Nge2
exd4 9. Nxd4 Re8 10. Be2 Nf6 11. Rc1 Bd7 12. O-O Nc6 13. Nf3 Ne4 14. Nxe4 Rxe4
15. Nd2 Re8 16. a3 Ne5 17. Qc2 Bc6 18. b4 Rc8 19. Rfd1 Qg5 20. Ne4 Qe7 21. Nc3
a6 22. Nd5 Bxd5 23. Rxd5 c6 24. Rd2 h5 25. Rcd1 Rcd8 26. Qb3 Qe6 27. Qc2 Rd7
28. Bf1 Qf6 29. f4 Nf3+ 30. gxf3 Rxe3 31. Bg2 Qh4 32. Re2 Rxa3 33. f5 Ra1 34.
Rxa1 Bxa1 35. Qd2 gxf5 36. Qf4 Qxf4 37. Bxf4 Kg7 38. Rd2 d5 39. cxd5 Rxd5 40.
Rxd5 cxd5 41. Bd6 Kf6 42. f4 Ke6 43. Kf1 Kxd6 44. Ke2 h4 45. Bf3 Bc3 46. b5
axb5 47. Kd3 b4 48. Kc2 b6 49. Bh5 f6 50. Bf7 Kc5 51. Be6 Kc4 52. Bxf5 b3+ 53.
Kb1 d4 54. Be6+ Kb4 55. Bf5 Bd2 56. Kb2 Bxf4 57. Be6 d3 58. Bxb3 Be5+ 59. Ka2
f5 60. Bd1 Kc3 61. Kb1 Kd2 62. Bh5 Ke3 63. Bd1 f4 64. Bh5 f3 65. Bxf3 Kxf3 66.
Kc1 Ke2 67. Kb1 d2 0-1

[Event "Kreis-Mitte-EM"]
[Site "Zirndorf"]
[Date "2015.01.06"]
[Round "7.15"]
[White "Mantel, Hans"]
[Black "Nagel, Ekkehard"]
[Result "0-1"]
[WhiteElo "1503"]
[BlackElo "1100"]
[PlyCount "76"]
[EventDate "2015.??.??"]
[WhiteTeam "Zabo-Eintracht N."]
[BlackTeam "SC Anderssen Nbg."]

1. e4 c5 2. Nc3 d6 3. g3 g6 4. Bg2 Bg7 5. d3 Nf6 6. Bd2 Nc6 7. Qc1 O-O 8. Bh6
Qb6 9. Bxg7 Kxg7 10. h3 e5 11. Rb1 Be6 12. g4 Qa5 13. a3 b5 14. Qd2 Nd4 15.
Nge2 Rac8 16. O-O c4 17. f4 cxd3 18. Qxd3 Bc4 19. Qd1 Qb6 20. Kh1 Bxe2 21. Nxe2
Rc4 22. Nc3 Rfc8 23. fxe5 dxe5 24. g5 Nh5 25. Kh2 Nf4 26. Nd5 Nxd5 27. exd5
Rxc2 28. Qe1 Re2 29. Qh4 Qd6 30. Kh1 Rcc2 31. Rf6 Qc7 32. Rbf1 Nf5 33. Qg4 e4
34. Kg1 Rxg2+ 35. Qxg2 Rxg2+ 36. Kxg2 Ne3+ 37. Kg1 Nxf1 38. Rxf1 Qc5+ 0-1